| 000 | 00689cam a22002414a 4500 | ||
|---|---|---|---|
| 999 |
_c1716 _d1716 |
||
| 001 | 15782 | ||
| 003 | BD-DhUAP | ||
| 005 | 20200212154755.0 | ||
| 008 | 200212s2001 bg l 001 0 eng | ||
| 020 | _a019285433X | ||
| 040 |
_aBD-DhUAP _cBD-DhUAP _bEng |
||
| 082 |
_223 _a152.4 EVA |
||
| 100 | _aEvans, Dylan. | ||
| 245 |
_aEmotion : _bthe science of sentiment / _cDylan Evans. |
||
| 260 |
_aNew York : _bOxford University Press, _cc2001. |
||
| 300 |
_axvi, 204 pages ; _c18 cm. |
||
| 500 | _aIncludes index. | ||
| 520 | _aWith latest amendments and up-to-date case laws. | ||
| 650 | _aEmotions | ||
| 650 | _aEmotions (Philosophy) | ||
| 942 |
_2ddc _cBK |
||